<?xml version="1.0" encoding="UTF-8"?>
<collection xmlns="http://www.loc.gov/MARC21/slim">
    <record>
        <controlfield tag="001">76091</controlfield>
        <controlfield tag="005">20200117221606.0</controlfield>
        <datafield tag="024" ind1="7" ind2=" ">
            <subfield code="2">doi</subfield>
            <subfield code="a">10.5209/RGID.62842</subfield>
        </datafield>
        <datafield tag="024" ind1="8" ind2=" ">
            <subfield code="2">sideral</subfield>
            <subfield code="a">109192</subfield>
        </datafield>
        <datafield tag="037" ind1=" " ind2=" ">
            <subfield code="a">ART-2018-109192</subfield>
        </datafield>
        <datafield tag="041" ind1=" " ind2=" ">
            <subfield code="a">spa</subfield>
        </datafield>
        <datafield tag="100" ind1=" " ind2=" ">
            <subfield code="0">(orcid)0000-0003-2577-1998</subfield>
            <subfield code="a">Agustín Lacruz, María Carmen</subfield>
            <subfield code="u">Universidad de Zaragoza</subfield>
        </datafield>
        <datafield tag="245" ind1=" " ind2=" ">
            <subfield code="a">Las primeras mujeres fotógrafas en Aragón: pioneras y modernas</subfield>
        </datafield>
        <datafield tag="260" ind1=" " ind2=" ">
            <subfield code="c">2018</subfield>
        </datafield>
        <datafield tag="506" ind1="0" ind2=" ">
            <subfield code="a">Access copy available to the general public</subfield>
            <subfield code="f">Unrestricted</subfield>
        </datafield>
        <datafield tag="520" ind1="3" ind2=" ">
            <subfield code="a">El objetivo de este trabajo consiste en estudiar, fuera de la categoría de anécdota o fenómeno marginal, la presencia y la participación de las mujeres en el desarrollo del medio fotográfico en Aragón desde mediados del siglo XIX. La reconstrucción de sus biografías y la caracterización y contextualización de sus trayectorias profesionales se ha llevado a cabo mediante el análisis y la revisión sistemática de las fuentes de información localizadas hasta la fecha, tanto de carácter hemerográfico, como bibliográfico y documental.
Entre otras, se estudian las fotógrafas aragonesas Polonia Sanz, madame Senges, Dolores Gil, María Cardarelly, Tomasa Chinar, Ana María Lapetra, Ángeles Buil, Petra Tena, Prima Gavilanes, Silveria Fañanás, Petra Sabaté, Matilde López, Carmen Jarque, Rosario de la Fuente, Asunción Pascual, Divina Campo, Teresa Gallifa, Margot Autié y Josefa Farina.</subfield>
        </datafield>
        <datafield tag="540" ind1=" " ind2=" ">
            <subfield code="9">info:eu-repo/semantics/openAccess</subfield>
            <subfield code="a">by</subfield>
            <subfield code="u">http://creativecommons.org/licenses/by/3.0/es/</subfield>
        </datafield>
        <datafield tag="592" ind1=" " ind2=" ">
            <subfield code="a">0.144</subfield>
            <subfield code="b">2018</subfield>
        </datafield>
        <datafield tag="593" ind1=" " ind2=" ">
            <subfield code="a">Library and Information Sciences</subfield>
            <subfield code="c">2018</subfield>
            <subfield code="d">Q4</subfield>
        </datafield>
        <datafield tag="655" ind1=" " ind2="4">
            <subfield code="a">info:eu-repo/semantics/article</subfield>
            <subfield code="v">info:eu-repo/semantics/publishedVersion</subfield>
        </datafield>
        <datafield tag="700" ind1=" " ind2=" ">
            <subfield code="a">Tomás Esteban, Sandra</subfield>
        </datafield>
        <datafield tag="710" ind1="2" ind2=" ">
            <subfield code="1">3011</subfield>
            <subfield code="2">040</subfield>
            <subfield code="a">Universidad de Zaragoza</subfield>
            <subfield code="b">Dpto. Ciencias Doc. Hª Ciencia</subfield>
            <subfield code="c">Área Biblioteconomía y Docum.</subfield>
        </datafield>
        <datafield tag="773" ind1=" " ind2=" ">
            <subfield code="g">28, 2 (2018), 621-658</subfield>
            <subfield code="p">Rev. gen. inf. doc.</subfield>
            <subfield code="t">Revista General de Información y Documentación</subfield>
            <subfield code="x">1132-1873</subfield>
        </datafield>
        <datafield tag="856" ind1="4" ind2=" ">
            <subfield code="s">8132962</subfield>
            <subfield code="u">http://zaguan.unizar.es/record/76091/files/texto_completo.pdf</subfield>
            <subfield code="y">Versión publicada</subfield>
        </datafield>
        <datafield tag="856" ind1="4" ind2=" ">
            <subfield code="s">64121</subfield>
            <subfield code="u">http://zaguan.unizar.es/record/76091/files/texto_completo.jpg?subformat=icon</subfield>
            <subfield code="x">icon</subfield>
            <subfield code="y">Versión publicada</subfield>
        </datafield>
        <datafield tag="909" ind1="C" ind2="O">
            <subfield code="o">oai:zaguan.unizar.es:76091</subfield>
            <subfield code="p">articulos</subfield>
            <subfield code="p">driver</subfield>
        </datafield>
        <datafield tag="951" ind1=" " ind2=" ">
            <subfield code="a">2020-01-17-21:45:49</subfield>
        </datafield>
        <datafield tag="980" ind1=" " ind2=" ">
            <subfield code="a">ARTICLE</subfield>
        </datafield>
    </record>

    
</collection>